000 00630nam a2200193 a 4500
001 000040167
005 20201002033946.0
008 130812s1971 sp ab 000 0 spa d
040 _aDO-SdBNP
_bspa
_cBNPHU
082 _axx
100 1 _aLe Goff, Jacques,
_d1924-
_966441
240 1 0 _aDas hochmittelalter
_lespañol
245 1 3 _aLa baja edad media /
_cJacques Le Goff ; traductor Lourdes Ortiz.
260 _aMéxico :
_bSiglo XXI editores,
_c1971.
300 _a336 p. :
_bil., map. ;
_c18 cm.
490 1 _aHistoria universal siglo xxi
700 1 _aOrtiz, Lourdes,
_etr.
_99130
830 0 _aHistoria universal siglo xxi
_946730
999 _c39657
_d39657